Estadísticas para Países de Europa por Población

Haz click aquí para tomar la prueba!

Estadísticas generales

  • Esta prueba ha sido tomada 3.712 veces
  • La puntuación promedio es 32 de 45

Estadísticas de respuestas

PoblaciónPaís% Correcto
146,544,710Rusia
99%
66,660,000Francia
99%
81,459,000Alemania
99%
46,423,064España
97%
60,676,361Italia
95%
42,721,954Ucrania
94%
38,484,000Polonia
94%
65,097,000Reino Unido
93%
19,861,000Rumania
90%
11,312,444Bélgica
85%
10,846,979Grecia
84%
10,374,822Portugal
81%
9,866,670Suecia
81%
9,823,000Hungría
80%
5,707,251Dinamarca
79%
5,491,890Finlandia
78%
839Vaticano
74%
8,699,730Austria
74%
17,005,760Países Bajos
73%
8,325,194Suiza
71%
5,213,985Noruega
71%
9,498,700Bielorrusia
70%
33,005San Marino
68%
4,635,400Irlanda
68%
37,800Mónaco
67%
2,878,696Lituania
66%
1,836,978Kosovo
65%
5,426,252Eslovaquia
64%
37,623Liechtenstein
64%
71,732Andorra
64%
7,153,784Bulgaria
63%
1,967,000Letonia
62%
4,225,316Croacia
62%
7,114,393Serbia
62%
1,311,759Estonia
60%
10,553,843República Checa
60%
576,200Luxemburgo
58%
445,426Malta
58%
3,791,622Bosnia y Herzegovina
57%
2,886,026Albania
55%
332,529Islandia
55%
2,069,172Macedonia del Norte
54%
2,070,400Eslovenia
53%
3,553,100Moldavia
51%
621,810Montenegro
49%

Distribución de puntuación

Porcentaje por número respondido

Porcentaje de gente con cada puntuación

Historial de tus puntuaciones

No has tomado esta prueba